Caramel- Conan Gray (Lyrics) - Statistics

General Stats
  • This quiz has been taken 72 times
  • The average score is 221 of 260
Answer Stats
Part Lyrics % Correct
I
100%
we
100%
you
100%
You
100%
in
98%
Verse 1 Well
98%
well
98%
your
98%
Verse 2 Your
98%
caramel
95%
me
95%
the
95%
we're
95%
all
93%
kind
93%
so
93%
that
93%
weren't
93%
with
93%
inside
90%
memory
90%
moment
90%
my
90%
on
90%
you're
90%
And
88%
and
88%
But
88%
but
88%
Intro One
88%
one
88%
when
88%
back
85%
burn
85%
it
85%
Pre-Chorus It
85%
no
85%
now
85%
Now
85%
of
85%
two
85%
wide
85%
can
83%
hear
83%
sweet
83%
Bridge Sweet
83%
think
83%
time
83%
was
83%
Chorus | Outro Yeah
83%
at
80%
coffee
80%
mind
80%
over
80%
to
80%
want
80%
act
78%
feelings
78%
it's
78%
just
78%
losing
78%
out
78%
town
78%
amber
75%
believed
75%
breath
75%
'cause
75%
cool
75%
couch
75%
eyed
75%
fucking
75%
gaslighted
75%
get
75%
making
75%
man
75%
Oh
75%
past
75%
bad
73%
cigarette
73%
cried
73%
Pre-Chorus Did
73%
down
73%
kiss
73%
know
73%
Maple
73%
mouth
73%
real
73%
reason
73%
see
73%
soft
73%
thinking
73%
went
73%
won't
73%
worst
73%
wrong
73%
as
70%
can't
70%
Come
70%
coming
70%
deserved
70%
friends
70%
had
70%
house
70%
ignoring
70%
is
70%
lies
70%
love
70%
Promises
70%
sleeping
70%
spoken
70%
taste
70%
what
70%
clouds
68%
Drunk
68%
find
68%
grin's
68%
grounds
68%
heard
68%
longer
68%
smell
68%
sweeter
68%
they
68%
miss
65%
open
65%
thick
65%
'Til
65%
around
60%
space
60%
there's
60%
(Ooh
55%
ooh)
55%
nights
53%
No matching quizzes found
Score Distribution
Percent of People with Each Score
Percentile by Number Answered
Your Score History
You have not taken this quiz